| 000 | 00343nam a2200145Ia 4500 | ||
|---|---|---|---|
| 008 | 230312s9999||||xx |||||||||||||| ||und|| | ||
| 020 | _a0-13-777889-9 | ||
| 082 |
_a613.715 _bBIS-F |
||
| 100 | _aBishop;jan,galen | ||
| 245 | 0 | _aFitness through Aerobics | |
| 260 |
_bAllyn _aUSA _c1995 |
||
| 300 | _a180 | ||
| 650 | _aPhysiotherapy | ||
| 942 | _cBK | ||
| 999 |
_c2157 _d2157 |
||